Analýza a návrh informačných systémov

Podrobná bibliografia
Hlavný autor: Nehéz, Martin (Autor)
Médium: Kniha
Jazyk:slovenčina
Fyzický popis:39 s. diagramy, tab. 24 cm
Vydavateľské údaje: Košice Equilibria 2013
ISBN:9788081430930
Vydanie:1. vyd.
Predmet:

MARC

LEADER 00000nam a2200000 a 4500
001 vtls010527953
003 SK-MaSNL
005 20260301214703.0
008 240314s2013 xo f 000 0 slo
015 |a SNBA2013/07 
020 |a 9788081430930  |q (brož.) 
035 |a 238472BE-685D-4DB3-BFFC-68052323AC68 
035 |a urn:nbn:sk:snk-aml023 
035 |a urn:nbn:sk:snk-am008oa7 
040 |a SNK  |b slo  |c SNK  |e AACR2 
041 0 |a slo 
044 |a xo  |c SK 
072 7 |a 007  |x Teória systémov. Automatické systémy. Kybernetika. Informačné systémy  |2 konspekt 
072 7 |a 004.4/.6  |x Programovanie. Softvér  |2 konspekt 
080 |a 007+004  |2 2001 
080 |a 004.41  |2 2001 
080 |a 004.42UML  |2 2001 
080 |a (07)  |2 2001 
100 1 |a Nehéz, Martin  |4 aut  |9 603430 
245 1 0 |a Analýza a návrh informačných systémov  |c Martin Nehéz 
250 |a 1. vyd. 
260 |a Košice  |b Equilibria  |c 2013 
300 |a 39 s.  |b diagramy, tab.  |c 24 cm 
504 |a Bibliogr.: s. 39 
650 0 7 |a softvérové inžinierstvo  |2 SNKPH  |9 1846 
650 0 7 |a informačné systémy  |2 SNKPH  |9 1128 
650 0 7 |a UML  |2 SNKPH  |9 323410 
650 0 7 |a Software engineering  |2 SNKPHeng  |9 342619 
650 0 7 |a analýza a návrh  |2 SNKPH  |9 603431 
650 0 7 |a Information systems  |2 SNKPHeng  |9 100187 
650 0 7 |a Process modeling  |2 SNKPHeng  |9 150968 
650 0 7 |a UML  |2 SNKPHeng  |9 323410 
650 0 7 |a procesné modelovanie  |2 SNKPH  |9 99611 
655 7 |a učebné texty  |2 SNKPH  |9 70568 
655 7 |a Educational texts  |2 SNKPHeng  |9 277375 
919 |a 978-80-8143-093-0 
958 |a NB 
999 |c 925616  |d 927546 
952 |a SNK  |b SNK  |y PREZ  |7 0  |p 17A1074314  |o snkSC 155354  |i snk2013/16477  |8 0  |0 0  |1 0  |4 0  |d 2013-07-16  |f 1  |l 0  |r 2025-07-25 00:00:00  |w 2026-02-24 
952 |a SNK  |b SNK  |y VYP  |7 0  |p 17A1074313  |o snkSC 155354 D1  |i snk2013/16478  |8 0  |0 0  |1 0  |4 0  |d 2013-07-16  |l 0  |r 2026-02-24 08:30:51  |w 2026-02-24